Atrazine, deethylatrazine, deisopropylatrazine in surface runoff from conservation tilled watersheds /
Gardado en:
| Autor Principal: | |
|---|---|
| Outros autores: | |
| Formato: | Artigo |
| Idioma: | English |
| Những chủ đề: | |
| Các nhãn: |
Engadir etiqueta
Sen Etiquetas, Sexa o primeiro en etiquetar este rexistro!
|
| Thư viện lưu trữ: | Thư viện Trường Đại học Đà Lạt |
|---|
| LEADER | 00955nam a2200313 4500 | ||
|---|---|---|---|
| 001 | DLU090093556 | ||
| 005 | ##20091201 | ||
| 040 | # | # | |a DLU |b eng |
| 041 | # | # | |a eng |
| 044 | # | # | |a us |
| 100 | # | # | |a Shipitalo, Martin J. |
| 245 | # | # | |a Atrazine, deethylatrazine, deisopropylatrazine in surface runoff from conservation tilled watersheds / |c Martin J. Shipitalo, Lloyd B. Owens. |
| 653 | # | # | |a Conservation tillage |
| 653 | # | # | |a Herbicides |
| 653 | # | # | |a Pesticides |
| 653 | # | # | |a Runoff water |
| 653 | # | # | |a Water pollution |
| 653 | # | # | |a Watershed |
| 700 | # | # | |a Owens, Lloyd B. |
| 773 | # | # | |t Environmental Science & Technology |g Vol. 37, no. 5 (March 2003), p. 944-950 |
| 920 | # | # | |a Phòng Tạp chí -- Trung tâm Thông tin - Thư viện Trường Đại học Đà Lạt |
| 994 | # | # | |a DLU |
| 900 | # | # | |a True |
| 911 | # | # | |a Trương Bảo Trâm Anh |
| 925 | # | # | |a G |
| 926 | # | # | |a A |
| 927 | # | # | |a BB |
| 980 | # | # | |a Thư viện Trường Đại học Đà Lạt |